[Event "1.Open A Città di Padova"]
[Site "Padova"]
[Date "1998.12.13"]
[Round "3.2"]
[White "Muha, Zdravko"]
[Black "Sinato, Fabrizio"]
[Result "1-0"]
[WhiteElo "1866"]
[BlackElo "1710"]
[Annotator "Gabriele Ballarin"]
[PlyCount "111"]
[EventDate "1998.12.13"]
[EventType "swiss"]
[EventRounds "6"]
[EventCountry "ITA"]

1. d4 Nf6 2. Bg5 d5 3. Nd2 Bf5 4. e3 h6 5. Bh4 c6 6. c4 Nbd7 7. Ngf3 Ne4 8. Qb3 Qa5 9. Rd1 g5 10. Bg3 g4 11. Nh4 Nxg3 12. hxg3 Bh7 13. a3 e6 14. Bd3 Bxd3 15. Qxd3 dxc4 16. Qxc4 c5 17. O-O b5 18. Qe2 h5 19. dxc5 Ne5 20. Ne4 b4 21. Rc1 bxa3 22. bxa3 Rc8 23. Qb2 Bg7 24. Nd6+ Kd7 25. Qc2 Rxc5 26. Qxc5 Qxc5 27. Rxc5 Kxd6 28. Ra5 Nc6 29. Ra6 Rc8 30. Rc1 Bf6 31. Kf1 Bd8 32. Ra4 Rb8 33. Rac4 Rb6 34. Rd1+ Ke7 35. Rc5 Bc7 36. Rxh5 Bd6 37. a4 a6 38. Rh7 Kf6 39. Rxd6 Rb1+ 40. Ke2 Nb4 41. Rd2 Ra1 42. f3 Rxa4 43. fxg4 Nd5 44. g5+ Kxg5 45. Nf3+ Kg6 46. Rh4 Ra1 47. Rc4 Ra3 48. Rd3 Ra2+ 49. Nd2 a5 50. e4 Nf6 51. Kf3 Ra1 52. Rcc3 Rd1 53. Ra3 Nh7 54. Rxa5 Ng5+ 55. Ke2 Rg1 56. Rxg5+ 1-0

[Event "1.Open A Città di Padova"]
[Site "Padova"]
[Date "1998.12.13"]
[Round "3.3"]
[White "Zanirato, Stefano"]
[Black "Navarro, Emanuele"]
[Result "1/2-1/2"]
[WhiteElo "1740"]
[BlackElo "1786"]
[Annotator "Gabriele Ballarin"]
[PlyCount "102"]
[EventDate "1998.12.13"]
[EventType "swiss"]
[EventRounds "6"]
[EventCountry "ITA"]

1. Nf3 Nf6 2. c3 b6 3. d3 d5 4. Qc2 Bb7 5. Nbd2 e6 6. e4 dxe4 7. dxe4 Nbd7 8. Bd3 Be7 9. O-O Ng4 10. b4 a5 11. bxa5 Rxa5 12. Nb3 Ra7 13. Rd1 Qc8 14. h3 Nge5 15. Nxe5 Nxe5 16. Bb5+ c6 17. Be2 Ba6 18. c4 O-O 19. Bb2 Ng6 20. g3 f5 21. h4 f4 22. Bg4 Bf6 23. Rd6 Re7 24. Rad1 Ne5 25. Be2 fxg3 26. fxg3 Qc7 27. Kg2 c5 28. Bc1 Nc6 29. Bg4 Bc8 30. Bg5 Bxg5 31. hxg5 Ne5 32. Be2 Nf7 33. e5 Bb7+ 34. Kg1 Nxg5 35. Rf1 Rxf1+ 36. Kxf1 Rf7+ 37. Ke1 Be4 38. Qd1 h6 39. Rd8+ Kh7 40. Qd6 g6 41. Nd2 Bc6 42. Bg4 Rd7 43. Qxc7 Rxc7 44. Rd6 Bd7 45. Rxb6 h5 46. Bd1 Ra7 47. Nb3 Nf7 48. Nxc5 Nxe5 49. Nxd7 Rxd7 50. Bb3 Rc7 51. Rxe6 Nxc4 1/2-1/2

[Event "1.Open A Città di Padova"]
[Site "Padova"]
[Date "1998.12.13"]
[Round "3.4"]
[White "Sanavio, Giancarlo"]
[Black "Zotti, Enrico"]
[Result "0-1"]
[WhiteElo "1627"]
[BlackElo "1725"]
[Annotator "Gabriele Ballarin"]
[PlyCount "76"]
[EventDate "1998.12.13"]
[EventType "swiss"]
[EventRounds "6"]
[EventCountry "ITA"]

1. Nf3 Nf6 2. c4 g6 3. g3 Bg7 4. Bg2 O-O 5. O-O d6 6. d4 c6 7. Nc3 Nbd7 8. e4 Qc7 9. Kh1 e5 10. d5 cxd5 11. cxd5 Nc5 12. Nh4 Bd7 13. Qe2 Rab8 14. Bd2 b5 15. b4 Na4 16. Rfc1 Qb7 17. f4 exf4 18. gxf4 Rbc8 19. Rab1 Nxc3 20. Bxc3 Rfe8 21. Nf3 Rxe4 22. Qd2 Rec4 23. Ng5 Qb6 24. Bf1 Rxc3 25. Rxc3 Rxc3 26. Qxc3 Nxd5 27. Qb3 Bc6 28. Bg2 Qb7 29. Rc1 Nc3 30. Qxf7+ Qxf7 31. Nxf7 Bxg2+ 32. Kxg2 Kxf7 33. Kf3 d5 34. Rc2 Ke6 35. Ke3 Kf5 36. Kd3 d4 37. Rf2 Nd5 38. a4 Nxb4+ 0-1

[Event "1.Open A Città di Padova"]
[Site "Padova"]
[Date "1998.12.13"]
[Round "3.5"]
[White "Guclu, Yaman"]
[Black "Pastore, Mauro"]
[Result "1-0"]
[WhiteElo "1600"]
[BlackElo "1648"]
[Annotator "Gabriele Ballarin"]
[PlyCount "57"]
[EventDate "1998.12.13"]
[EventType "swiss"]
[EventRounds "6"]
[EventCountry "ITA"]

1. e4 c5 2. Nc3 d6 3. f4 Nc6 4. Nf3 Bg4 5. Be2 Nf6 6. h3 Bxf3 7. Bxf3 e6 8. O-O Be7 9. d3 O-O 10. Be3 d5 11. Ne2 Re8 12. e5 Nd7 13. c3 f6 14. Bg4 Bf8 15. d4 f5 16. Bf3 Rc8 17. g4 g6 18. gxf5 gxf5 19. Kh2 cxd4 20. Bxd4 Bh6 21. Bh5 Re7 22. Bf2 Rg7 23. Qe1 Kh8 24. Bh4 Qb6 25. Bf6 Nxf6 26. exf6 Rgg8 27. Ng3 Qxb2+ 28. Rf2 Qxc3 29. Qxc3 1-0

[Event "1.Open A Città di Padova"]
[Site "Padova"]
[Date "1998.12.13"]
[Round "3.6"]
[White "Boscolo, Fabio"]
[Black "Marinucci, Tonino"]
[Result "0-1"]
[WhiteElo "1714"]
[BlackElo "1597"]
[Annotator "Gabriele Ballarin"]
[PlyCount "110"]
[EventDate "1998.12.13"]
[EventType "swiss"]
[EventRounds "6"]
[EventCountry "ITA"]

1. d4 Nf6 2. c4 e6 3. g3 c6 4. Bg2 Bb4+ 5. Bd2 Qa5 6. a3 Bxd2+ 7. Nxd2 d5 8. b4 Qd8 9. Ngf3 Nbd7 10. O-O O-O 11. Re1 Re8 12. e4 Nf8 13. e5 N6d7 14. Nh4 f5 15. cxd5 cxd5 16. Qh5 Nb6 17. Rac1 Bd7 18. Nb3 Nc4 19. Nxf5 Bc6 20. Ne3 Nxa3 21. f4 g6 22. Qe2 Nb5 23. g4 Nc7 24. f5 exf5 25. gxf5 gxf5 26. Rf1 Re6 27. Rxf5 Rg6 28. Rcf1 Nfe6 29. Ng4 Bb5 30. Qf3 Bxf1 31. Nf6+ Rxf6 32. exf6 Bxg2 33. Qxg2+ Kh8 34. Nc5 Qg8 35. f7 Qxg2+ 36. Kxg2 Kg7 37. Nxb7 Rf8 38. Nd6 h6 39. Kf2 Ng5 40. Ke3 Nxf7 41. Nb7 Rb8 42. Nc5 Rxb4 43. Rf2 Nd6 44. Ra2 Nc4+ 45. Kf4 a5 46. Kf5 Kf7 47. Nd7 Rb2 48. Ne5+ Kg7 49. Ra1 Rf2+ 50. Kg4 Ne6 51. Nxc4 dxc4 52. Rxa5 Rf4+ 53. Kg3 Rxd4 54. Kf3 c3 55. Ra3 Rc4 0-1

[Event "1.Open A Città di Padova"]
[Site "Padova"]
[Date "1998.12.13"]
[Round "3.7"]
[White "Moschini, Costantino"]
[Black "Roberti, Ignazio"]
[Result "0-1"]
[WhiteElo "1579"]
[BlackElo "1700"]
[Annotator "Gabriele Ballarin"]
[PlyCount "54"]
[EventDate "1998.12.13"]
[EventType "swiss"]
[EventRounds "6"]
[EventCountry "ITA"]

1. Nf3 Nf6 2. d4 e6 3. Bg5 d5 4. e3 Nbd7 5. Nbd2 Be7 6. Bd3 O-O 7. c3 c6 8. Ne5 Qc7 9. f4 Re8 10. Ndf3 Nf8 11. Bxf6 Bxf6 12. h4 c5 13. g4 cxd4 14. exd4 Bd7 15. g5 Bxe5 16. Nxe5 Ng6 17. Bxg6 hxg6 18. h5 f6 19. hxg6 fxe5 20. Rh8+ Kxh8 21. Qh5+ Kg8 22. Qh7+ Kf8 23. Qh8+ Ke7 24. Qxg7+ Kd6 25. fxe5+ Kc6 26. b4 Qd8 27. c4 Qxg5 0-1

[Event "1.Open A Città di Padova"]
[Site "Padova"]
[Date "1998.12.13"]
[Round "3.8"]
[White "Pagin, Giacomo"]
[Black "Ceccherini, Paolo"]
[Result "1-0"]
[WhiteElo "1699"]
[BlackElo "1606"]
[Annotator "Gabriele Ballarin"]
[PlyCount "61"]
[EventDate "1998.12.13"]
[EventType "swiss"]
[EventRounds "6"]
[EventCountry "ITA"]

1. e4 e5 2. Nf3 Nc6 3. Bc4 Bc5 4. d3 h6 5. c3 Nf6 6. b4 Bd6 7. Nbd2 b6 8. a3 Bb7 9. O-O O-O 10. Re1 Ne7 11. Nf1 Ng6 12. Ng3 c5 13. bxc5 bxc5 14. Nf5 Bc7 15. Be3 d6 16. h3 Bc8 17. g4 Nh7 18. d4 Bxf5 19. gxf5 Nf4 20. Bxf4 exf4 21. Bd5 Rb8 22. e5 Ng5 23. e6 Nxf3+ 24. Qxf3 Qg5+ 25. Qg4 fxe6 26. fxe6 Qxg4+ 27. hxg4 Kh8 28. e7 Rfe8 29. Bf7 Ba5 30. Bxe8 Bxc3 31. Bg6 1-0

[Event "1.Open A Città di Padova"]
[Site "Padova"]
[Date "1998.12.13"]
[Round "3.9"]
[White "Navarro, Stefano"]
[Black "Marson, Luca"]
[Result "1/2-1/2"]
[WhiteElo "1567"]
[BlackElo "1633"]
[Annotator "Gabriele Ballarin"]
[PlyCount "89"]
[EventDate "1998.12.13"]
[EventType "swiss"]
[EventRounds "6"]
[EventCountry "ITA"]

1. d4 Nf6 2. c4 g6 3. Nc3 Bg7 4. Bf4 d6 5. e3 Nbd7 6. Be2 O-O 7. Nf3 c6 8. O-O Re8 9. Rc1 Nh5 10. Bg3 Nxg3 11. hxg3 e5 12. d5 c5 13. Nb5 Nf6 14. Nd2 Qb6 15. b3 a6 16. Nc3 Qd8 17. Qc2 Qe7 18. e4 Bh6 19. Rcd1 Bxd2 20. Rxd2 Bd7 21. a3 Rac8 22. a4 Rf8 23. Bd3 Ng4 24. Be2 Nh6 25. Re1 f5 26. Bd1 f4 27. Qd3 Bg4 28. Bxg4 Nxg4 29. Qf3 Qg5 30. Rde2 Qh5 31. Rd2 Rf7 32. Nd1 Rcf8 33. gxf4 Rxf4 34. Qg3 Nf6 35. f3 Rh4 36. Nf2 Qh6 37. Rb2 Rf4 38. Nh3 Nh5 39. Qg5 Qxg5 40. Nxg5 R4f6 41. Ne6 R8f7 42. b4 cxb4 43. Rxb4 Nf4 44. Nxf4 Rxf4 45. Reb1 1/2-1/2

[Event "1.Open A Città di Padova"]
[Site "Padova"]
[Date "1998.12.13"]
[Round "3.10"]
[White "Bonetto, Giorgio"]
[Black "Cecchetto, Vanni"]
[Result "0-1"]
[WhiteElo "1600"]
[BlackElo "1831"]
[Annotator "Gabriele Ballarin"]
[PlyCount "84"]
[EventDate "1998.12.13"]
[EventType "swiss"]
[EventRounds "6"]
[EventCountry "ITA"]

1. e4 e5 2. f4 d5 3. exd5 e4 4. d3 Nf6 5. dxe4 Nxe4 6. Nf3 Bc5 7. Qe2 Bf2+ 8. Kd1 Qxd5+ 9. Nfd2 Bg4 10. Qxg4 O-O 11. Bc4 Qd6 12. Qf3 Re8 13. Bd3 Nxd2 14. Bxd2 Bd4 15. Nc3 c5 16. Nb5 Qb6 17. Nxd4 cxd4 18. Qh5 g6 19. Qb5 Qe6 20. Re1 Qg4+ 21. Be2 Qc8 22. Bf3 Nc6 23. Rxe8+ Qxe8 24. Bxc6 bxc6 25. Qe5 Qd7 26. Qe2 Re8 27. Qf3 c5 28. b3 a5 29. Bxa5 Re3 30. Qa8+ Kg7 31. Kc1 d3 32. Bc3+ f6 33. Bd2 Qd4 34. c3 Qxf4 35. Qb7+ Kh6 36. Kb2 Re2 37. Rd1 Rxd2+ 38. Rxd2 Qxd2+ 39. Ka3 Qc1+ 40. Ka4 d2 41. Qb8 d1=Q 42. Qf8+ Kh5 0-1

[Event "1.Open A Città di Padova"]
[Site "Padova"]
[Date "1998.12.13"]
[Round "3.11"]
[White "Fragni, Enrico"]
[Black "Guastadini, Paolo"]
[Result "0-1"]
[WhiteElo "1822"]
[BlackElo "1603"]
[Annotator "Gabriele Ballarin"]
[PlyCount "86"]
[EventDate "1998.12.13"]
[EventType "swiss"]
[EventRounds "6"]
[EventCountry "ITA"]

1. d4 g6 2. c3 Bg7 3. Nf3 d6 4. Bg5 Nf6 5. Nbd2 Nfd7 6. e4 c5 7. Bd3 Nc6 8. d5 Nce5 9. Nc4 Nxc4 10. Bxc4 a6 11. O-O O-O 12. Qd2 b5 13. Bd3 f6 14. Bh6 Qc7 15. Bxg7 Kxg7 16. b4 Ne5 17. Nxe5 fxe5 18. Kh1 c4 19. Be2 Bd7 20. f4 exf4 21. Rxf4 Rf6 22. Qd4 Qa7 23. Qxa7 Rxa7 24. Raf1 a5 25. Rxf6 exf6 26. a3 axb4 27. axb4 Ra2 28. Bd1 Ra3 29. Bc2 Rxc3 30. Rf2 Ra3 31. h3 Ra2 32. g4 Rb2 33. g5 fxg5 34. Kg2 Rxb4 35. Re2 Rb2 36. Kf3 b4 37. Ke3 b3 38. Bd1 Rxe2+ 39. Kxe2 Bxh3 40. Kd2 Bg2 41. Kc3 Bxe4 42. Bxb3 cxb3 43. Kxb3 Bxd5+ 0-1

[Event "1.Open A Città di Padova"]
[Site "Padova"]
[Date "1998.12.13"]
[Round "3.12"]
[White "Battiston, Alan Doris"]
[Black "Pavon, Michele"]
[Result "0-1"]
[WhiteElo "1800"]
[BlackElo "1600"]
[Annotator "Gabriele Ballarin"]
[PlyCount "82"]
[EventDate "1998.12.13"]
[EventType "swiss"]
[EventRounds "6"]
[EventCountry "ITA"]

1. e4 e5 2. Nf3 Nc6 3. Bc4 Nf6 4. d4 exd4 5. O-O Bc5 6. e5 Ng4 7. Bxf7+ Kxf7 8. Ng5+ Kg8 9. Qxg4 h6 10. Qe4 hxg5 11. Qd5+ Kf8 12. Qxc5+ d6 13. exd6 cxd6 14. Qxg5 Qe8 15. Bd2 Rh5 16. Qf4+ Kg8 17. Re1 Qg6 18. Na3 Bd7 19. Qg3 Qf6 20. c3 d3 21. Qxd3 Ne5 22. Qg3 Rf8 23. Be3 Ng4 24. h3 Nxe3 25. Qxe3 Re5 26. Qd4 Bc6 27. Rxe5 dxe5 28. Qe3 Qg6 29. Qg3 Qf5 30. Nc4 Qc2 31. Qe3 Rf6 32. Qd2 Qg6 33. Ne3 Qg5 34. Qd8+ Kh7 35. Ng4 Bxg2 36. Nxf6+ gxf6 37. Qe7+ Kh6 38. Qf8+ Kh7 39. Qe7+ Kh6 40. Kh2 Bc6 41. Qb4 Qg2# 0-1

[Event "1.Open A Città di Padova"]
[Site "Padova"]
[Date "1998.12.13"]
[Round "3.13"]
[White "Vianello, Enrico"]
[Black "Nagliati, Paolo"]
[Result "1-0"]
[WhiteElo "1756"]
[BlackElo "1591"]
[Annotator "Gabriele Ballarin"]
[PlyCount "71"]
[EventDate "1998.12.13"]
[EventType "swiss"]
[EventRounds "6"]
[EventCountry "ITA"]

1. d4 f5 2. g3 Nf6 3. Bg2 g6 4. Nf3 Bg7 5. c4 d6 6. Nc3 O-O 7. O-O c6 8. Qc2 Qc7 9. b3 Na6 10. Ba3 Bd7 11. Rfe1 Rfe8 12. Rad1 Qa5 13. Bb2 Rac8 14. a3 Qc7 15. e4 Nxe4 16. Nxe4 fxe4 17. Qxe4 Bf5 18. Qe2 Qd7 19. Nd2 e5 20. d5 c5 21. f3 g5 22. Ne4 h6 23. Bc3 Rb8 24. Rb1 b5 25. cxb5 Bxe4 26. fxe4 Qxb5 27. Qxb5 Rxb5 28. Bf1 c4 29. Bxc4 Rc5 30. Rec1 Nb8 31. Bb4 Nd7 32. Bxc5 Nxc5 33. Re1 Bf6 34. b4 Nb7 35. Ba6 Nd8 36. Rbc1 1-0

[Event "1.Open A Città di Padova"]
[Site "Padova"]
[Date "1998.12.13"]
[Round "3.14"]
[White "Roccaro, Giovanni"]
[Black "De Bortoli, Maicol"]
[Result "1-0"]
[WhiteElo "1600"]
[BlackElo "1744"]
[Annotator "Gabriele Ballarin"]
[PlyCount "77"]
[EventDate "1998.12.13"]
[EventType "swiss"]
[EventRounds "6"]
[EventCountry "ITA"]

1. d4 Nf6 2. Nf3 d5 3. e3 e6 4. Bd3 Bd7 5. b3 Nc6 6. Bb2 Bd6 7. Nbd2 O-O 8. O-O a5 9. a3 Qe7 10. c4 b6 11. Qc2 Na7 12. e4 dxe4 13. Nxe4 g6 14. c5 Bf4 15. Nxf6+ Qxf6 16. Be4 Rad8 17. d5 Qe7 18. g3 exd5 19. Bxd5 Be6 20. Qc3 f6 21. Bxe6+ Qxe6 22. gxf4 Qg4+ 23. Kh1 Qxf4 24. cxb6 cxb6 25. Rg1 Rc8 26. Qd3 Rfd8 27. Qe2 Re8 28. Qd3 Red8 29. Bd4 Nc6 30. Rac1 Ne5 31. Bxe5 fxe5 32. Rxc8 Rxc8 33. Qd5+ Kh8 34. Qxe5+ Qxe5 35. Nxe5 Rc2 36. Rg3 Rc1+ 37. Kg2 Kg7 38. Nc4 a4 39. Nxb6 1-0

[Event "1.Open A Città di Padova"]
[Site "Padova"]
[Date "1998.12.13"]
[Round "3.15"]
[White "Favero, Graziano"]
[Black "Saponara, Nicola"]
[Result "1-0"]
[WhiteElo "1705"]
[BlackElo "1576"]
[Annotator "Gabriele Ballarin"]
[PlyCount "67"]
[EventDate "1998.12.13"]
[EventType "swiss"]
[EventRounds "6"]
[EventCountry "ITA"]

1. e4 c5 2. Nf3 d6 3. d4 cxd4 4. Nxd4 Nf6 5. Nc3 a6 6. Be2 g6 7. Be3 Bg7 8. f3 Nc6 9. Qd2 Qc7 10. O-O-O b5 11. Nxc6 Qxc6 12. e5 b4 13. Nb1 Be6 14. exf6 Bxf6 15. Bd4 b3 16. axb3 Bxd4 17. Qxd4 O-O 18. Rd3 Qb5 19. Nc3 Qg5+ 20. f4 Qh6 21. g4 Rfd8 22. h4 f6 23. Qe3 Kf7 24. Bf3 Rab8 25. Re1 Bxb3 26. Qxe7+ Kg8 27. cxb3 Qxf4+ 28. Qe3 Qe5 29. Qxe5 fxe5 30. Bd5+ Kg7 31. Rf1 Rb4 32. Rf7+ Kh8 33. Ne4 Rg8 34. Nf6 1-0

[Event "1.Open A Città di Padova"]
[Site "Padova"]
[Date "1998.12.13"]
[Round "3.16"]
[White "Opacic, Alexandar"]
[Black "Marigo, Narciso"]
[Result "1-0"]
[WhiteElo "1594"]
[BlackElo "1687"]
[Annotator "Gabriele Ballarin"]
[PlyCount "141"]
[EventDate "1998.12.13"]
[EventType "swiss"]
[EventRounds "6"]
[EventCountry "ITA"]

1. e4 Nc6 2. c4 e5 3. Nf3 Bc5 4. a3 a5 5. Be2 d6 6. h3 Nge7 7. d3 O-O 8. Be3 Ng6 9. d4 Nxd4 10. Nxd4 Bxd4 11. Bxd4 exd4 12. Qxd4 Qg5 13. g3 Qc1+ 14. Bd1 Ne5 15. Qc3 Qh6 16. Nd2 f5 17. Bc2 Qh5 18. f3 Qf7 19. O-O-O Be6 20. exf5 Bxf5 21. f4 Bxc2 22. Qxc2 Nc6 23. Kb1 Rfe8 24. Nf3 h6 25. Rde1 a4 26. Nh4 Rxe1+ 27. Rxe1 Nd4 28. Qd3 Nb3 29. Qd5 Qxd5 30. cxd5 Ra5 31. Nf5 Rc5 32. Ne3 Kf7 33. Rd1 h5 34. g4 hxg4 35. hxg4 g6 36. Rh1 Kf6 37. Ka2 Nc1+ 38. Kb1 Nb3 39. Ka2 Rc1 40. Rxc1 Nxc1+ 41. Kb1 Nd3 42. g5+ Ke7 43. Ng2 c5 44. dxc6 bxc6 45. Kc2 Nc5 46. Nh4 Kf7 47. f5 gxf5 48. g6+ Kg7 49. Nxf5+ Kxg6 50. Nxd6 Kf6 51. Kc3 Ke6 52. Nc4 Kd5 53. Nb6+ Kd6 54. Kc4 Na6 55. Nxa4 Kc7 56. Nc5 Nb8 57. a4 Kb6 58. b4 Kc7 59. Kd4 Kb6 60. Kc4 Kc7 61. a5 Kc8 62. Kd4 Kc7 63. Ke5 Nd7+ 64. Nxd7 Kxd7 65. a6 Kc7 66. a7 Kb7 67. Kd6 Kxa7 68. Kxc6 Kb8 69. Kb6 Ka8 70. Kc7 Ka7 71. b5 1-0

[Event "1.Open A Città di Padova"]
[Site "Padova"]
[Date "1998.12.13"]
[Round "3.17"]
[White "Pomaro, Stefano"]
[Black "Carletto, Biagio"]
[Result "1/2-1/2"]
[WhiteElo "1673"]
[BlackElo "1555"]
[Annotator "Gabriele Ballarin"]
[PlyCount "78"]
[EventDate "1998.12.13"]
[EventType "swiss"]
[EventRounds "6"]
[EventCountry "ITA"]

1. e4 d6 2. d4 Nf6 3. Nc3 g6 4. Be3 Bg7 5. f3 O-O 6. Qd2 c6 7. g4 Nbd7 8. Nge2 e5 9. h4 exd4 10. Nxd4 Ne5 11. O-O-O c5 12. Ndb5 Nxf3 13. Qg2 Nd4 14. Nxd4 cxd4 15. Bxd4 Nxg4 16. h5 Bxd4 17. Rxd4 Qf6 18. Rd2 Be6 19. hxg6 fxg6 20. Rxd6 Qf4+ 21. Qd2 Qxd2+ 22. Kxd2 Rad8 23. Rxd8 Rxd8+ 24. Bd3 h5 25. Nb5 Bxa2 26. Nxa7 Kg7 27. b3 Bxb3 28. cxb3 Rxd3+ 29. Kxd3 Nf2+ 30. Ke3 Nxh1 31. Kf3 h4 32. Nb5 Kf6 33. Nd6 b6 34. b4 Ke6 35. Nc4 b5 36. Na3 Ng3 37. Nxb5 Nh5 38. Kg4 Nf6+ 39. Kxh4 Nxe4 1/2-1/2

[Event "1.Open A Città di Padova"]
[Site "Padova"]
[Date "1998.12.13"]
[Round "3.18"]
[White "Carlassara, Renato"]
[Black "Solinas, Roberto"]
[Result "1-0"]
[WhiteElo "1555"]
[BlackElo "1666"]
[Annotator "Gabriele Ballarin"]
[PlyCount "83"]
[EventDate "1998.12.13"]
[EventType "swiss"]
[EventRounds "6"]
[EventCountry "ITA"]

1. e4 e5 2. Nf3 f5 3. Nxe5 Qf6 4. d4 d6 5. Nc4 fxe4 6. Nc3 Bf5 7. Ne3 c6 8. Be2 d5 9. O-O Bd6 10. Nxf5 Qxf5 11. Bh5+ g6 12. Bg4 Qf7 13. f3 Qc7 14. fxe4 Bxh2+ 15. Kh1 h5 16. Bh3 Nd7 17. e5 Nxe5 18. dxe5 Bxe5 19. Bg5 Nh6 20. Qd3 Qd6 21. Nb5 cxb5 22. Qxb5+ Qc6 23. Qxc6+ bxc6 24. Rae1 Ng4 25. Bxg4 hxg4+ 26. Kg1 Kd7 27. Rxe5 Rh5 28. Re7+ Kd6 29. Rg7 Rxg5 30. Rf6+ Kc5 31. Rc7 Re8 32. Rcxc6+ Kd4 33. Rce6 Rb8 34. b3 Rc8 35. Rc6 Re5 36. Rxc8 g3 37. Rf4+ Ke3 38. Rf3+ Kd2 39. Rxg3 g5 40. Rd3+ Kc1 41. c4 dxc4 42. Rxc4+ 1-0

[Event "1.Open A Città di Padova"]
[Site "Padova"]
[Date "1998.12.13"]
[Round "3.19"]
[White "Badiale, Riccardo"]
[Black "Troise, Salvatore"]
[Result "1/2-1/2"]
[WhiteElo "1635"]
[BlackElo "1504"]
[Annotator "Gabriele Ballarin"]
[PlyCount "96"]
[EventDate "1998.12.13"]
[EventType "swiss"]
[EventRounds "6"]
[EventCountry "ITA"]

1. d4 d5 2. c4 e6 3. Nc3 f5 4. Nf3 Nf6 5. Bg5 Be7 6. e3 c6 7. Bd3 O-O 8. O-O Ne4 9. Bxe7 Qxe7 10. Ne5 Nd7 11. Nxd7 Bxd7 12. Qc2 Qg5 13. Rae1 Rad8 14. b4 a6 15. Na4 Nf6 16. a3 dxc4 17. Bxc4 b5 18. Bd3 bxa4 19. Bxa6 Ne4 20. Bd3 Nd6 21. f4 Qe7 22. Rc1 Nb5 23. Qa2 Qd6 24. Bb1 Qd5 25. Rc4 Nxa3 26. Rc5 Qxa2 27. Bxa2 Rb8 28. Rc3 Nb5 29. Rc5 Nd6 30. Rb1 Rb5 31. Rc2 Rfb8 32. Rcb2 Kf8 33. Kf1 Ke7 34. Ke2 Ne4 35. Kd3 c5 36. dxc5 Nxc5+ 37. Kc4 Na6 38. Kc3 Rc8+ 39. Kd2 Rcb8 40. Kc3 Bc6 41. Bc4 Nc7 42. Bxb5 Nxb5+ 43. Kd2 a3 44. Ra2 Bd5 45. Raa1 Rc8 46. Rc1 Rxc1 47. Rxc1 a2 48. g3 Kd6 {Nur} 1/2-1/2

[Event "1.Open A Città di Padova"]
[Site "Padova"]
[Date "1998.12.13"]
[Round "3.20"]
[White "Lain, Luigi"]
[Black "Di Giacomo, Antonio"]
[Result "1-0"]
[WhiteElo "1609"]
[BlackElo "1666"]
[Annotator "Gabriele Ballarin"]
[PlyCount "113"]
[EventDate "1998.12.13"]
[EventType "swiss"]
[EventRounds "6"]
[EventCountry "ITA"]

{[%evp 0,111,23,23,24,4,51,39,42,37,37,25,10,23,30,31,22,30,30,16,18,7,20,-32,50,-4,23,-13,64,17,5,8,30,11,23,36,45,0,3,-11,-19,-15,21,13,-4,8,29,10,26,7,8,4,11,10,37,30,39,36,67,95,95,77,424,429,412,384,448,439,440,365,556,521,548,595,564,593,615,603,591,556,722,463,474,476,483,348,361,411,462,486,472,421,490,500,501,402,1207,415,523,574,618,641,671,677,29983,582,686,600,29991,664,29981,1284,29979,1581]} 1. d4 Nf6 2. c4 g6 3. Nc3 Bg7 4. e4 d6 5. f3 Nbd7 6. Be3 a6 7. Bd3 O-O 8. Nge2 c5 9. d5 Ne5 10. O-O h5 11. Qc2 Kh7 12. Rac1 Bd7 13. h3 Ng8 14. f4 Nxd3 15. Qxd3 f5 16. Ng3 h4 17. Nge2 Kh8 18. Rcd1 fxe4 19. Qxe4 Bf5 20. Qf3 Qd7 21. Bf2 Bf6 22. Rd2 Kg7 23. Ne4 Bxe4 24. Qxe4 Nh6 25. Kh1 Nf5 26. Ng1 Rh8 27. Nf3 Rh5 28. Kg1 Ng3 29. Bxg3 hxg3 30. Qe1 Rxh3 31. gxh3 Qxh3 32. Rg2 Rh8 33. Qxg3 Qf5 34. Rh2 Rg8 35. Ng5 Bd4+ 36. Kh1 Kf8 37. Ne6+ Ke8 38. Nxd4 cxd4 39. Re1 b5 40. Qg5 Qxg5 41. fxg5 bxc4 42. Rhe2 Rg7 43. Re4 c3 44. bxc3 dxc3 45. Kg2 e5 46. dxe6 Rc7 47. Kg3 a5 48. Rc1 d5 49. Rd4 Rc5 50. Kf4 Ke7 51. Ke5 a4 52. a3 c2 53. Rxa4 Rc3 54. Kxd5 Rc8 55. Rc4 Ra8 56. a4 Rc8 57. R1xc2 1-0

[Event "1.Open A Città di Padova"]
[Site "Padova"]
[Date "1998.12.13"]
[Round "3.21"]
[White "De Minico, Nicola"]
[Black "Litrico, Paolo"]
[Result "0-1"]
[WhiteElo "1606"]
[BlackElo "1411"]
[Annotator "Gabriele Ballarin"]
[PlyCount "112"]
[EventDate "1998.12.13"]
[EventType "swiss"]
[EventRounds "6"]
[EventCountry "ITA"]

1. Nf3 f5 2. c4 Nf6 3. d4 g6 4. g3 Bg7 5. Bg2 O-O 6. Nc3 d6 7. Bg5 h6 8. Bd2 c6 9. Qc2 Na6 10. a3 Rb8 11. O-O c5 12. d5 Nc7 13. Nh4 Qe8 14. e4 fxe4 15. Nxe4 g5 16. Nxf6+ Rxf6 17. Nf3 Qf8 18. Ne1 Bf5 19. Qc1 b5 20. Bc3 Rf7 21. Bxg7 Qxg7 22. b3 Bg6 23. Nc2 Qh7 24. Ne3 a5 25. Qd2 b4 26. a4 Ne8 27. Ng4 Nf6 28. Nxf6+ Rxf6 29. Rfe1 Rbf8 30. f3 Qg7 31. Qe3 R8f7 32. Ra2 Rf5 33. Rae2 Re5 34. Qd2 Rxe2 35. Qxe2 Qf6 36. Qe3 Kg7 37. Kf2 Qb2+ 38. Re2 Qf6 39. Qd2 Bh5 40. Re3 Kh7 41. Re6 Qg7 42. Qd3+ Bg6 43. Qe3 Bf5 44. f4 Bxe6 45. dxe6 Rf6 46. Be4+ Kh8 47. f5 Qf8 48. g4 Rxe6 49. Kg3 Re5 50. Qd3 Qf6 51. Bd5 Re1 52. Bf3 Qe5+ 53. Kg2 Qa1 54. Kh3 Rg1 55. Qd5 Qe1 56. Qe4 Qh4# 0-1

[Event "1.Open A Città di Padova"]
[Site "Padova"]
[Date "1998.12.13"]
[Round "3.22"]
[White "Verdi, Ruben"]
[Black "Crestani, Federico"]
[Result "0-1"]
[WhiteElo "1500"]
[BlackElo "1564"]
[Annotator "Gabriele Ballarin"]
[PlyCount "101"]
[EventDate "1998.12.13"]
[EventType "swiss"]
[EventRounds "6"]
[EventCountry "ITA"]

1. e4 e6 2. d4 d5 3. f3 dxe4 4. fxe4 Qh4+ 5. Ke2 Qxe4+ 6. Be3 b6 7. Nc3 Ba6+ 8. Kf2 Qh4+ 9. g3 Qf6+ 10. Nf3 Nh6 11. h3 Nf5 12. Bf4 Bd6 13. Ne5 Bxf1 14. Rxf1 Nd7 15. Ne4 Qd8 16. Nc6 Qc8 17. Kg1 Qb7 18. Qf3 Bxf4 19. gxf4 Nh4 20. Qc3 f5 21. Ng5 Nc5 22. d5 O-O 23. Qe5 Ng6 24. Qd4 h6 25. Nf3 exd5 26. Qxd5+ Kh7 27. Nfd4 Ne7 28. Qf3 Nxc6 29. Nxc6 Ne4 30. Ne5 c5 31. Kh2 Rad8 32. Rad1 Qc8 33. Rxd8 Rxd8 34. Rd1 Rd2+ 35. Rxd2 Nxd2 36. Qh5 Qb8 37. Qg6+ Kg8 38. Qf7+ Kh7 39. Qxf5+ Kg8 40. Qg6 Qf8 41. f5 Qb8 42. Qe6+ Kh8 43. h4 Qxe5+ 44. Kh3 Qxe6 45. fxe6 Kg8 46. Kg4 g6 47. Kf4 Kf8 48. Ke5 Ke7 49. b3 Nf3+ 50. Kf4 Nxh4 51. Kg4 0-1

[Event "1.Open A Città di Padova"]
[Site "Padova"]
[Date "1998.12.13"]
[Round "3.23"]
[White "Busà, Michele"]
[Black "Ballarin, Gabriele"]
[Result "1-0"]
[WhiteElo "1567"]
[BlackElo "1465"]
[Annotator "Gabriele Ballarin"]
[PlyCount "81"]
[EventDate "1998.12.13"]
[EventType "swiss"]
[EventRounds "6"]
[EventCountry "ITA"]
[SourceTitle "Ballarin Gabriele"]
[Source "Ballarin Gabrie"]
[SourceDate "2001.01.01"]
[SourceVersion "1"]
[SourceVersionDate "2001.01.01"]
[SourceQuality "1"]

1. Nf3 Nf6 2. g3 g6 3. Bg2 Bg7 4. d4 c5 5. c4 cxd4 6. Nxd4 Nc6 7. Nxc6 bxc6 8. Nc3 Rb8 9. Qc2 O-O 10. Bf4 Rb7 11. O-O Nh5 12. Be3 Qc7 13. Rfd1 d6 14. Qd2 Re8 15. Rac1 Bd7 16. b4 Reb8 17. b5 Nf6 18. c5 d5 19. b6 Qc8 20. a4 axb6 21. cxb6 Ra8 22. Qa2 Be6 23. Nxd5 Rd7 24. Nxf6+ Bxf6 25. Qc2 Bf5 26. Qxc6 Qxc6 27. Bxc6 Rxd1+ 28. Rxd1 Ra5 29. Rd8+ Kg7 30. b7 Be5 31. Bf4 Bxf4 32. gxf4 Rc5 33. Bb5 Be4 34. Rc8 Rd5 35. Rc1 Rd8 36. Bc6 Bf5 37. Bg2 h5 38. h4 Rb8 39. a5 Bg4 40. a6 Bxe2 41. a7 1-0